[Event "Titled Tuesday intern op 05th Jul Early"]
[Site "Chess.com INT"]
[Date "2022.07.05"]
[Round "1"]
[White "Kovacevic, Radmila"]
[Black "Tomb, Maroun"]
[Result "0-1"]
[WhiteElo "2113"]
[BlackElo "2090"]
[PlyCount "68"]
[EventDate "2022.07.05"]
[EventType "swiss (blitz)"]
[EventRounds "11"]
[EventCountry "USA"]
[SourceTitle "CBM 209 Extra"]
[Source "ChessBase"]
[SourceDate "2022.09.30"]
[SourceVersion "1"]
[SourceVersionDate "2022.09.30"]
[SourceQuality "1"]

1. e4 d6 2. d4 Nf6 3. Nc3 e5 4. dxe5 dxe5 5. Qxd8+ Kxd8 6. Bg5 Be6 7. f4 exf4 8. e5 h6 9. Bh4 g5 10. exf6 gxh4 11. Nf3 Nd7 12. 0-0-0 Bc5 13. Ne4 Be3+ 14. Kb1 h3 15. Ne5 hxg2 16. Bxg2 Kc8 17. Nxf7 Bxf7 18. Bh3 Rd8 19. Rxd7 Rxd7 20. Rd1 Kd8 21. Bxd7 a5 22. a4 f3 23. Bg4+ Ke8 24. Bxf3 Rd8 25. Re1 Bb6 26. Nd6+ Kf8 27. Nxb7 Rd2 28. Bc6 Rxh2 29. Nd8 Rf2 30. Ne6+ Bxe6 31. Rxe6 h5 32. Re5 Rxf6 33. Bb5 h4 34. Rh5 Rf4 0-1